00905nam a2200241 a 450000100100000000500170001000800410002704000250006804100390009308200160013210000210014824000520016924501150022126000370033630000280037349000470040153400730044850000210052170000200054270000250056270000290058783000470061600002410020200930022722.0110118s1964 ag a r 001 0 spa d aDO-SdBNPbspacBNPHU17aspaheng2Código de idiomas MARC annnnbB366c1 aBeal, George M.,10aLeadership and dynamic group action.lEspañol10aConducción y acción dinámica del grupo /cGeorge M. Beal ... [et.al] ; trducción de Guillermo Maxwell. aBuenos Aires :bKapelusz,c1964. a332 p. :bil. ;c21 cm.1 aBiblioteca de psicología contemporánea pTítulo original en inglés.tLeadership and dynamic group action. aIncluye índice1 aBohlem, Joe M.,1 aRaudabaugh, J. Neil,1 aMaxwell, Guillermo,etr. 0aBiblioteca de psicología contemporánea